000 03394nam a2200313Ia 4500
003 OSt
005 20210824164350.0
008 210310t2012 ck gr 000 0dspa d
020 _a9789587107906
040 _aCO-JMCR
_cCO-JMCR
041 0 _aspa
082 0 4 _a343.07 /
_bA481s
_223
100 1 _aAmador Cabra, Luis Eduardo,
_917145
_eautor
245 1 0 _aSerie de derecho económico :
_bcasos de estudio de aplicación del análisis económico del derecho /
_cLuis Eduardo Amador Cabra, José Manuel Álvarez Zárate, Constanza Blanco Barón [y otros 5]
250 _aPrimera edición
260 _aBogotá :
_bUniversidad Externado de Colombia,
_c©2012
300 _a255 páginas ;
_c24 cm.
490 0 _aDerecho económico ;
_v1
500 _aIncluye notas a pie de página y datos biográficos de los autores.
504 _aBibliografía al final de cada capítulo.
505 0 _a
_tEl Análisis Económico del Derecho (law and economics) de la jurisprudencia sobre el sector financiero. Propuesta metodológica /
_rAntonio José Núñez Trujillo
_tAnálisis económico de la intervención judicial en los contratos: una cuestión de justicia? /
_rDaniel Alejandro Monroy Cely
_tPuntos de encuentro y apoyo de la nueva economía institucional en el análisis de las políticas públicas /
_rMario Andrés Pinzón Camargo
_tMedio ambiente y reducción de residuos desde la perspectiva del Análisis Económico del Derecho. /
_r Luis Eduardo Amador Cabra
_tLos acuerdos de libre comercio Norte-Sur desde la perspectiva del Análisis Económico del Derecho de los contratos /
_rJosé Manuel Álvarez Zárate, Iván Rojas Vásquez
_t¿Por qué los estudiantes de pregrado de Derecho deberían estudiar Análisis Económico del Derecho?: una propuesta metodológica y sustantiva
_rAndrés Palacios Lleras, Mario Andrés Pinzón Camargo
_g
520 3 _aEl interés por el estudio del Análisis Económico del Derecho -AED- no es nuevo. En su versión clásica, que corresponde a la Escuela de Chicago, y también en las versiones más recientes como la nueva economía institucional, el AED resulta ser una herramienta útil para estudiar problemas jurídicos, la forma de incidir de la regulación en el desarrollo y en la sociedad, y asuntos atinentes a la conformación del Estado, entre otros, bajo conceptos distintos de racionalidad y eficiencia. De hecho, el AED, en sus diferentes versiones, ha motivado programas académicos en pregrado y posgrado, foros, seminarios y publicaciones desde hace cerca de veinte años en esta Casa de Estudio. Esta obra pretende hacer una contribución de los profesores del Grupo de Investigación en Derecho y Economía de la Universidad Externado de Colombia a un campo poco explorado en la academia colombiana, como es la aplicación de las diversas premisas, conceptos y metodologías del AED a casos concretos. Esto mediante un riguroso estudio de temas de gran debate en la actualidad, tales como la jurisprudencia del sector financiero, los contratos privados, el saneamiento básico, el derecho internacional, las políticas públicas y la enseñanza del Derecho.
650 1 4 _aDerecho económico
_917147
650 2 4 _aTratados comerciales
_92689
650 2 4 _aPolítica comercial
_96253
700 1 _aÁlvarez Zárate, José Manuel,
_eautor
_939638
700 1 _aBlanco Barón, Constanza,
_eautora
_939308
942 _2ddc
_cBK
999 _c8395
_d8395